| 000 | 00716nam a2200241 a 4500 | ||
|---|---|---|---|
| 001 | 61639 | ||
| 003 | BD-RjUL | ||
| 005 | 20211209081003.0 | ||
| 008 | 170119s1956 enka b 001 0 eng d | ||
| 035 | _a(BD-RjUL)61763 | ||
| 040 |
_aBD-RjUL _cBD-RjUL _dBD-RjUL _beng |
||
| 041 | _aeng | ||
| 082 |
_a658.3 _bBEP 1956 _223 |
||
| 100 | 1 |
_aBellows, Roger M. _948366 |
|
| 245 | 1 | 0 |
_aPsychology of personnel in business and industry / _cRoger M. Bellows |
| 250 | _a2nd ed. | ||
| 260 |
_aLondon : _bStaples press, _c1956 |
||
| 300 |
_axii, 467 p. : _bill. ; _c24 cm. |
||
| 504 | _aIncludes bibliography and index. | ||
| 650 | 0 |
_aPersonnel management. _948367 |
|
| 650 | 0 |
_aPsychology, Industrial. _93670 |
|
| 942 |
_2ddc _cBK |
||
| 999 |
_c61639 _d61639 |
||